000 00705nam a2200289Ia 4500
005 20260324140215.0
008 008 260324s9999 xx 000 0 eng d
020 _a9781315245386
037 _aEBOOK
040 _aCRL
040 _beng
040 _cCRL
041 _2eng
041 _aeng
084 _qCRL
100 _aWerner O. Packull; Geoffrey L. Dipple
_91203528
245 0 _aRadical Reformation Studies
245 0 _bEssays Presented to James M. Stayer
260 _bTaylor and Francis
260 _c1999
365 _a
365 _b230
856 _uhttp://www.taylorfrancis.com/books/9781315245386
942 _cEBOOK
999 _c1805353
_d1805353